| 000 | 00574nam a22001817a 4500 | ||
|---|---|---|---|
| 999 |
_c157893 _d157893 |
||
| 005 | 20181008113330.0 | ||
| 010 | _aENG-124206 | ||
| 020 |
_c295.00 _a9789350579206 |
||
| 035 | _aEN-107738 | ||
| 037 | _bDBAD/PUB | ||
| 082 | _a070.4 | ||
| 100 | _aRoy, Barun | ||
| 245 |
_aUnderstanding journalism: _bby Barun Roy _cgain the better understanding of communication procss / |
||
| 260 |
_aNew Delhi _bV&S Publishers _c2017 |
||
| 270 |
_aF-2/16, Ansari Road, Daryaganj _bNew Delhi _e110002 |
||
| 300 |
_a154p. _c21cm(pbk) _bill. |
||
| 942 |
_2ddc _cEN _mROY _h070.4 |
||